000 00477pab a2200169 454500
008 180718b2004-2005 xxu||||| |||| 00| 0 eng d
100 _aPati, Ambika Prasad
245 _aCorporate governance in public sector banks - issues and challenges
260 _c2004-2005
300 _ap.54-66.
362 _aOct-Mar
650 _aBanks
650 _aCorporate governance
700 _aShrotryia, Vijay Kumar
773 _aJournal of Accounting and Finance
909 _a64806
999 _c64806
_d64806